Normal view
MARC view
Entry Personal Name
001 - CONTROL NUMBER
- control field: 28572
003 - CONTROL NUMBER IDENTIFIER
- control field: ARRUPE
005 - DATE AND TIME OF LATEST TRANSACTION
- control field: 20170207154247.0
008 - FIXED-LENGTH DATA ELEMENTS
- fixed length control field: 170207|| aca||aabn | a|a d
040 ## - CATALOGING SOURCE
- Original cataloging agency: ARRUPE
- Transcribing agency: ARRUPE
100 ## - HEADING--PERSONAL NAME
- Personal name: Marcuse, Herbert,
- Dates associated with a name: 1898-1979.
670 ## - SOURCE DATA FOUND
- Source citation: Work cat.: (ARRUPE)0: Marcuse, Herbert, 1898-1979., The aesthetic dimension :, c1978.